| 000 | 00484nam a2200181Ia 4500 | ||
|---|---|---|---|
| 005 | 20250326123952.0 | ||
| 008 | 250326s9999 xx 000 0 und d | ||
| 037 | _aTextbook | ||
| 040 |
_aFMSL _beng _cFMSL |
||
| 041 |
_aeng _2eng |
||
| 084 |
_aV28 L6 _qFMSL |
||
| 100 | _aBhambhri C P | ||
| 245 | 0 |
_aPublic administration in India _cBhambhri C P |
|
| 260 |
_aNew Delhi _bNew Delhi, Vikas _c1976 |
||
| 300 | _a288p | ||
| 942 |
_cTB _hV28 L6 |
||
| 999 |
_c1271695 _d1271695 |
||